World Capitals Closest to Oslo - 1 Minute - Statistics

General Stats
  • This quiz has been taken 119 times
  • The average score is 8 of 10
Answer Stats
Distance (km) Answer % Correct
417 Stockholm
99%
484 Copenhagen
97%
788 Helsinki
93%
839 Berlin
91%
914 Amsterdam
84%
1085 Brussels
70%
1064 Warsaw
68%
843 Riga
67%
1046 Vilnius
55%
787 Tallinn
54%
No matching quizzes found
Score Distribution
Percent of People with Each Score
Percentile by Number Answered
Your Score History
You have not taken this quiz